[Event "Bonn Beuel- Ennepe"]
[Site "?"]
[Date "2023.10.22"]
[Round "2.5"]
[White "Bruchmann, Norbert"]
[Black "Rosskothen, Arnd"]
[Result "1/2-1/2"]
[WhiteElo "2023"]
[BlackElo "2093"]
[PlyCount "67"]
[EventDate "2023.??.??"]
[SourceVersionDate "2020.03.16"]

1. d4 d5 2. Nc3 Nf6 3. Bf4 g6 4. h3 Bg7 5. Nf3 O-O 6. e3 c5 7. Be2 Nc6 8. O-O cxd4 9. exd4 Ne4 10. Re1 Nxc3 11. bxc3 Na5 12. Rb1 Bd7 13. Ne5 Be8 14. Qd2 b6 15. Ba6 f6 16. Nd3 Nc4 17. Qe2 Rf7 18. Bg3 Bc6 19. Nf4 Nd6 20. Ne6 Qd7 21. f3 Re8 22. Nxg7 Kxg7 23. Bxd6 Qxd6 24. Qe6 Qxe6 25. Rxe6 Bd7 26. Re3 e5 27. Kf2 exd4 28. Rxe8 Bxe8 29. cxd4 Rc7 30. Bd3 Ba4 31. Rb2 Kf7 32. Ke3 Ke6 33. Kd2 Kd6 34. Rb1 1/2-1/2

[Event "Bonn Beuel- Ennepe"]
[Site "?"]
[Date "2023.10.22"]
[Round "2.6"]
[White "Gaul, Alexander"]
[Black "Nasoyan, Maksim"]
[Result "1-0"]
[WhiteElo "1926"]
[BlackElo "1876"]
[PlyCount "79"]
[EventDate "2023.??.??"]
[SourceVersionDate "2020.03.16"]

1. d4 Nf6 2. Nf3 c5 3. d5 g6 4. Nc3 Bg7 5. e4 d6 6. Bb5+ Bd7 7. a4 O-O 8. O-O Bg4 9. Re1 Nbd7 10. h3 Bxf3 11. Qxf3 a6 12. Bf1 b6 13. Ra3 b5 14. axb5 axb5 15. Nxb5 Nb6 16. Rxa8 Qxa8 17. Qa3 Qxa3 18. Nxa3 Nfd7 19. Bb5 Ra8 20. Kf1 Nb8 21. c3 Na6 22. Bc6 Rb8 23. Bd2 Nc7 24. Bf4 Nc8 25. Rb1 Na7 26. b4 Nxc6 27. dxc6 Bxc3 28. bxc5 Rxb1+ 29. Nxb1 Bb4 30. cxd6 exd6 31. Nd2 Kf8 32. Nc4 Ke7 33. Nb6 Kd8 34. Bg5+ Ke8 35. Nd5 Ne6 36. Bf6 Ba5 37. f4 Bd8 38. e5 Nc7 39. exd6 Nxd5 40. d7+ 1-0

[Event "Bonn Beuel- Ennepe"]
[Site "?"]
[Date "2023.10.22"]
[Round "2.7"]
[White "Schaefer, Martin"]
[Black "Koch, Matthias"]
[Result "1-0"]
[WhiteElo "1966"]
[BlackElo "1895"]
[PlyCount "81"]
[EventDate "2023.??.??"]
[SourceVersionDate "2020.03.16"]

1. d4 Nf6 2. c4 g6 3. Nc3 Bg7 4. e4 d6 5. h3 O-O 6. Be3 e5 7. d5 a5 8. g4 Na6 9. Nge2 h5 10. g5 Nd7 11. Qd2 Ndc5 12. O-O-O a4 13. Kb1 f5 14. gxf6 Qxf6 15. Rg1 Kh7 16. Nc1 Bd7 17. Rg3 h4 18. Rg1 Qe7 19. Be2 Bf6 20. Bg4 Rg8 21. Rg2 Be8 22. Rdg1 Bf7 23. Bd1 Be8 24. Bg5 Bd7 25. Bxf6 Qxf6 26. Bg4 Rad8 27. f3 Qf4 28. Qxf4 exf4 29. Bxd7 Rxd7 30. Rg4 Rf7 31. Rxh4+ Kg7 32. N3e2 Nxe4 33. fxe4 f3 34. Nd4 Nc5 35. Rhg4 Kf8 36. Rf1 f2 37. Kc2 Rh8 38. h4 Ke7 39. Nd3 Nxd3 40. Kxd3 g5 41. Nf5+ 1-0

[Event "Niederkassel - Godesberg"]
[Site "?"]
[Date "2023.10.22"]
[Round "2.1"]
[White "Mantau, Jan"]
[Black "Grimm, Sascha"]
[Result "1/2-1/2"]
[WhiteElo "2173"]
[BlackElo "2310"]
[PlyCount "29"]
[EventDate "2023.??.??"]
[SourceVersionDate "2020.03.16"]

1. e4 e6 2. d4 d5 3. Nc3 Bb4 4. a3 Bxc3+ 5. bxc3 dxe4 6. f3 b6 7. Bf4 Bb7 8. fxe4 Bxe4 9. Nf3 Nf6 10. Bc4 O-O 11. O-O c6 12. Bg5 Nbd7 13. Qe2 b5 14. Bb3 Qc7 15. Ne5 {(=)} 1/2-1/2

[Event "Niederkassel - Godesberg"]
[Site "?"]
[Date "2023.10.22"]
[Round "2.2"]
[White "Stanetzek, Carsten"]
[Black "Luebsen, Keno"]
[Result "1-0"]
[WhiteElo "2158"]
[BlackElo "2096"]
[PlyCount "63"]
[EventDate "2023.??.??"]
[SourceVersionDate "2020.03.16"]

1. e4 e6 2. d4 d5 3. exd5 exd5 4. Nf3 Bd6 5. c4 Nf6 6. c5 Be7 7. Bd3 b6 8. Be3 O-O 9. O-O Bg4 10. Nbd2 bxc5 11. dxc5 Nbd7 12. Qc2 c6 13. b4 Qc8 14. Rab1 a6 15. Rfe1 Re8 16. h3 Bh5 17. Nd4 Bg6 18. Bxg6 hxg6 19. Bf4 a5 20. b5 cxb5 21. c6 Nf8 22. Rxb5 Bb4 23. Rxe8 Qxe8 24. N2f3 Rc8 25. Qc1 Ne4 26. Rxd5 f6 27. Rb5 Ne6 28. Qc4 N4c5 29. a3 Bxa3 30. Rxa5 Bb4 31. Rxc5 Bxc5 32. Nxe6 1-0

[Event "Niederkassel - Godesberg"]
[Site "?"]
[Date "2023.10.22"]
[Round "2.3"]
[White "Wecker, Martin"]
[Black "Kneutgen, Alexander"]
[Result "1/2-1/2"]
[WhiteElo "2075"]
[BlackElo "2053"]
[PlyCount "119"]
[EventDate "2023.??.??"]
[SourceVersionDate "2020.03.16"]

1. Nf3 d5 2. g3 Nf6 3. Bg2 g6 4. d4 Bg7 5. c4 c6 6. cxd5 cxd5 7. Nc3 O-O 8. O-O Ne4 9. Nxe4 dxe4 10. Ng5 Qxd4 11. Nxe4 Nc6 12. Nc3 Qxd1 13. Rxd1 Be6 14. Be3 Rfd8 15. Nd5 Rd7 16. Rd2 Rad8 17. Rad1 Bxd5 18. Bxd5 e6 19. Bxc6 Rxd2 20. Rxd2 Rxd2 21. Bxd2 bxc6 22. b3 Kf8 23. Be3 a6 24. Bc5+ Ke8 25. e4 f5 26. f3 h5 27. Kf2 Be5 28. h3 Kf7 29. g4 hxg4 30. hxg4 fxg4 31. fxg4 Kf6 32. Be3 Bc3 33. Bf4 Ke7 34. Ke3 Kd7 35. Kd3 Bf6 36. Kc4 Be7 37. Be3 Bd6 38. Bc5 Bg3 39. Bf8 Bf2 40. Kb4 Be1+ 41. Ka4 Kc7 42. Bc5 Kb7 43. b4 Bg3 44. Kb3 Kc7 45. Kc4 Be1 46. Kd4 Bg3 47. a4 Kd7 48. Bf8 Ke8 49. Bg7 Bd6 50. Kc4 Kd7 51. Bd4 Kc7 52. e5 Be7 53. Bc5 Bh4 54. Bd6+ Kb7 55. a5 Bf2 56. Bc5 Bg3 57. Kd4 Bf2+ 58. Kc4 Bg3 59. Bd4 Bh4 60. Bc5 {(=)} 1/2-1/2

[Event "Niederkassel - Godesberg"]
[Site "?"]
[Date "2023.10.22"]
[Round "2.4"]
[White "Schracke, Guido"]
[Black "Mittmann, Johannes"]
[Result "1/2-1/2"]
[WhiteElo "2150"]
[BlackElo "2057"]
[PlyCount "45"]
[EventDate "2023.??.??"]
[SourceVersionDate "2020.03.16"]

1. e4 e5 2. Nf3 d6 3. Bc4 Nf6 4. Qe2 Be7 5. c3 O-O 6. O-O Bg4 7. h3 Bh5 8. d3 c6 9. g4 Bg6 10. Nh4 Nbd7 11. Bb3 d5 12. Nxg6 hxg6 13. Nd2 Re8 14. Re1 Nc5 15. Bc2 dxe4 16. dxe4 Nh7 17. Nf3 Bf6 18. Qc4 Ne6 19. Bb3 Qe7 20. Kg2 Nhg5 21. Ng1 Nh7 22. Nf3 Nhg5 23. Ng1 {(=)} 1/2-1/2

[Event "Niederkassel - Godesberg"]
[Site "?"]
[Date "2023.10.22"]
[Round "2.5"]
[White "Mueller-Boge, Michael"]
[Black "Kroener, Alexander"]
[Result "1/2-1/2"]
[WhiteElo "2011"]
[BlackElo "1948"]
[PlyCount "28"]
[EventDate "2023.??.??"]
[SourceVersionDate "2020.03.16"]

1. e4 d5 2. exd5 Nf6 3. Nf3 Qxd5 4. Be2 Bg4 5. d4 Nc6 6. c4 Qf5 7. Be3 e6 8. a3 Be7 9. Nbd2 O-O 10. h3 Bxf3 11. Bxf3 e5 12. Bxc6 bxc6 13. Qf3 Qe6 14. O-O e4 1/2-1/2

[Event "Niederkassel - Godesberg"]
[Site "?"]
[Date "2023.10.22"]
[Round "2.6"]
[White "Konzen, Horst"]
[Black "Biedekoepper, Robert"]
[Result "0-1"]
[WhiteElo "2024"]
[BlackElo "1947"]
[PlyCount "108"]
[EventDate "2023.??.??"]
[SourceVersionDate "2020.03.16"]

1. d4 Nf6 2. c4 e6 3. Nc3 Bb4 4. e3 O-O 5. Bd3 d5 6. Nge2 c5 7. a3 Bxc3+ 8. bxc3 dxc4 9. Bxc4 Qe7 10. Bd3 e5 11. O-O Rd8 12. f4 exd4 13. cxd4 Nc6 14. Qc2 Qd6 15. Bb2 Bg4 16. Rad1 cxd4 17. exd4 Nd5 18. Bc1 h6 19. Bf5 Bxe2 20. Qxe2 Nc3 21. Qg4 Nxd1 22. Rxd1 Nxd4 23. Kh1 Qd5 24. Bd3 f5 25. Qh5 Qf7 26. Qh3 Qb3 27. Rf1 Rd5 28. Bd2 Ne2 29. Bxe2 Qxh3 30. gxh3 Rxd2 31. Bf3 Re8 32. Bxb7 Ree2 33. Kg1 Rxh2 34. Rf3 Rhe2 35. Kf1 Re7 36. Ba6 Rc7 37. Be2 Rc1+ 38. Kf2 Rcc2 39. Re3 Kf7 40. Kf3 Kf6 41. h4 Kg6 42. Bd3 Rc5 43. Kg3 Kf6 44. Be2 Ra2 45. Bd1 Rc1 46. Rd3 Rca1 47. Bf3 Rxa3 48. Rd6+ Ke7 49. Rd2 Rf1 50. Rf2 Rxf3+ 51. Rxf3 Rxf3+ 52. Kxf3 Kd6 53. h5 Kd5 54. Ke3 Kc4 0-1

[Event "Niederkassel - Godesberg"]
[Site "?"]
[Date "2023.10.22"]
[Round "2.8"]
[White "Pick, Stefan"]
[Black "Schumacher, Markus"]
[Result "1/2-1/2"]
[WhiteElo "1924"]
[BlackElo "1862"]
[PlyCount "57"]
[EventDate "2023.??.??"]
[SourceVersionDate "2020.03.16"]

1. d4 Nf6 2. Nf3 g6 3. Nc3 Bg7 4. e4 d6 5. Bc4 O-O 6. Qe2 c6 7. e5 dxe5 8. dxe5 Nd5 9. Bd2 Be6 10. O-O-O Nd7 11. Bxd5 cxd5 12. Bf4 Qa5 13. Nd4 Rac8 14. Nb3 Qc7 15. Nxd5 Bxd5 16. Rxd5 e6 17. Rd2 Bxe5 18. Bxe5 Nxe5 19. g3 Nc4 20. Rd3 Nb6 21. Rc3 Qe7 22. Rxc8 Rxc8 23. Rd1 Qc7 24. c3 Nd5 25. Nd4 Qb6 26. Qb5 Qc7 27. Qe2 Qb6 28. Qb5 Qc7 29. Qe2 1/2-1/2

[Event "Solingen 4 - Wattenscheid 2"]
[Site "Solingen"]
[Date "2023.10.22"]
[Round "2.1"]
[White "Schroeder, Wilfried"]
[Black "Fichtner, Ewald"]
[Result "1/2-1/2"]
[WhiteElo "2157"]
[BlackElo "2072"]
[PlyCount "140"]
[EventDate "2023.??.??"]
[SourceVersionDate "2020.03.16"]

1. d4 d5 2. Nf3 Nf6 3. c4 c6 4. cxd5 cxd5 5. Nc3 Nc6 6. Bf4 a6 7. e3 Bf5 8. Ne5 e6 9. Nxc6 bxc6 10. Bd3 Bg6 11. Rc1 Bd6 12. Bxd6 Qxd6 13. O-O O-O 14. Bxg6 hxg6 15. Qe2 Qb4 16. Rc2 Rfc8 17. Rfc1 c5 18. dxc5 Rxc5 19. a3 Qb3 20. Na4 Rxc2 21. Qxc2 Qb5 22. Qc6 Rb8 23. Qxb5 axb5 24. Nc5 Rc8 25. Nd3 Rxc1+ 26. Nxc1 Kf8 27. Ne2 Ne4 28. f3 Nd6 29. Nc3 Ke7 30. Kf2 Kd7 31. b3 Kc6 32. Ke2 Kc5 33. Na2 e5 34. Nb4 e4 35. Nc2 Nf5 36. fxe4 dxe4 37. g3 Ne7 38. Nd4 Nd5 39. Kd2 Nf6 40. Ne2 g5 41. h3 g4 42. h4 b4 43. a4 Nd5 44. Nd4 Ne7 45. Ke2 g6 46. Kd2 Nc6 47. Ne2 Na5 48. Kc2 Nc6 49. h5 gxh5 50. Nf4 Kd6 51. Nxh5 Ke5 52. Nf4 Ne7 53. Ne2 Nf5 54. Kd2 Kd5 55. Nf4+ Ke5 56. Nh5 Ne7 57. Ng7 Nc6 58. Ke2 Ne7 59. Kd2 Nc6 60. Ne8 Na5 61. Kc2 Nc6 62. Ng7 Ne7 63. Nh5 Nc6 64. Nf4 Ne7 65. Kd2 Nc6 66. Ne2 Kd5 67. Nf4+ Ke5 68. Ne2 Kd5 69. Nf4+ Ke5 70. Ne2 Kd5 1/2-1/2

[Event "Solingen 4 - Wattenscheid 2"]
[Site "Solingen"]
[Date "2023.10.22"]
[Round "2.2"]
[White "Blasek, Ralph"]
[Black "Peter, Thomas"]
[Result "0-1"]
[WhiteElo "2181"]
[BlackElo "2184"]
[PlyCount "86"]
[EventDate "2023.??.??"]
[SourceVersionDate "2020.03.16"]

1. e4 e6 2. d4 d5 3. e5 c5 4. c3 Nc6 5. Nf3 Qb6 6. a3 cxd4 7. cxd4 Nh6 8. Nc3 a6 9. b4 Nf5 10. Na4 Qd8 11. h4 Bd7 12. Bb2 b5 13. Nc5 Bxc5 14. dxc5 h5 15. Bd3 Nce7 16. Qe2 O-O 17. Ng5 g6 18. g4 Ng7 19. f3 Bc6 20. O-O-O a5 21. Rhg1 axb4 22. axb4 Ra4 23. Qd2 Qa8 24. Bb1 Bd7 25. Nh3 Rc8 26. Nf4 Nc6 27. Nd3 Nxb4 28. gxh5 Nxd3+ 29. Qxd3 Rxc5+ 30. Kd2 Rxh4 31. hxg6 Nf5 32. Qa3 Qxa3 33. Bxa3 b4 34. Bxf5 Rh2+ 35. Ke3 bxa3 36. Bd3 a2 37. Kf4 Ba4 38. Rc1 Rxc1 39. Rxc1 fxg6 40. Kg5 Kf7 41. Bxg6+ Ke7 42. Rc7+ Kd8 43. Rc1 Rd2 0-1

[Event "Solingen 4 - Wattenscheid 2"]
[Site "Solingen"]
[Date "2023.10.22"]
[Round "2.3"]
[White "Lang, Daniel"]
[Black "Boos, Markus"]
[Result "1-0"]
[WhiteElo "2110"]
[BlackElo "2127"]
[PlyCount "117"]
[EventDate "2023.??.??"]
[SourceVersionDate "2020.03.16"]

1. d4 Nf6 2. c4 c5 3. d5 e6 4. Nc3 exd5 5. cxd5 d6 6. e4 g6 7. h3 Bg7 8. Nf3 O-O 9. Bd3 Nh5 10. O-O Nd7 11. Re1 Ne5 12. Be2 Nxf3+ 13. Bxf3 Qh4 14. Bxh5 gxh5 15. Qd2 f5 16. Qg5 Qxg5 17. Bxg5 fxe4 18. Nxe4 Bxb2 19. Rab1 Be5 20. Be7 Rf4 21. Nxd6 Bxd6 22. Bxd6 Rf5 23. Re8+ Kg7 24. Bxc5 Rxd5 25. Rc1 Kf7 26. Rf8+ Kg7 27. Ba3 Ra5 28. Rfxc8 Rxc8 29. Bb2+ Kg6 30. Rxc8 Rxa2 31. Bd4 b5 32. Rf8 Ra4 33. Rf6+ Kg7 34. Bc3 Ra3 35. Bd4 Ra4 36. Bc3 Ra3 37. Be5 Kg8 38. Kf1 b4 39. Ke1 a5 40. Bd6 Rd3 41. Ke2 Rd5 42. f4 Rb5 43. Kd2 a4 44. Kc2 b3+ 45. Kb2 Rd5 46. Bb4 Rd1 47. Ra6 Rg1 48. Rxa4 Rxg2+ 49. Kxb3 Rg3+ 50. Kc4 Rxh3 51. Kd5 Re3 52. Bc5 Re2 53. Re4 Ra2 54. Ke6 Rc2 55. Kf6 h6 56. Re8+ Kh7 57. Re7+ Kg8 58. Kg6 Rg2+ 59. Kxh5 1-0

[Event "Solingen 4 - Wattenscheid 2"]
[Site "Solingen"]
[Date "2023.10.22"]
[Round "2.4"]
[White "Auer, Martin"]
[Black "Gohla, Ulf"]
[Result "1/2-1/2"]
[WhiteElo "2218"]
[BlackElo "2102"]
[PlyCount "35"]
[EventDate "2023.??.??"]
[SourceVersionDate "2020.03.16"]

1. c4 e5 2. g3 Nf6 3. Bg2 d5 4. cxd5 Nxd5 5. Nf3 Nc6 6. O-O Nb6 7. d3 Be7 8. Nbd2 O-O 9. a3 f6 10. b4 a5 11. b5 Nd4 12. Nxd4 Qxd4 13. Qb3+ Kh8 14. Rb1 Rb8 15. Ne4 Bg4 16. Nc3 Qd6 17. Qc2 Rfd8 18. Be3 1/2-1/2

[Event "Solingen 4 - Wattenscheid 2"]
[Site "Solingen"]
[Date "2023.10.22"]
[Round "2.5"]
[White "Schlange, Stefan"]
[Black "Waagener, Ulrich"]
[Result "1-0"]
[WhiteElo "2162"]
[BlackElo "2093"]
[PlyCount "99"]
[EventDate "2023.??.??"]
[SourceVersionDate "2020.03.16"]

1. e4 c5 2. Nf3 a6 3. c3 d6 4. d4 Nd7 5. Bd3 g6 6. O-O Bg7 7. Be3 Qc7 8. Qd2 c4 9. Bc2 Ngf6 10. Bh6 O-O 11. Qg5 e5 12. Nbd2 Re8 13. Bxg7 Kxg7 14. Nh4 Nf8 15. d5 h6 16. Qe3 b5 17. b3 cxb3 18. axb3 N8h7 19. Rfc1 Rb8 20. Bd3 Qe7 21. Nhf3 Nh5 22. c4 Nf4 23. Bf1 Nf6 24. c5 Ng4 25. cxd6 Nxe3 26. dxe7 Nxf1 27. Kxf1 Rxe7 28. Ne1 Kf8 29. f3 Bb7 30. g3 Nh5 31. Nd3 f5 32. Nc5 fxe4 33. fxe4 Bc8 34. Nxa6 Ra8 35. Nc5 Rea7 36. Rxa7 Rxa7 37. Nd3 Bh3+ 38. Ke2 Re7 39. Rc6 Bg4+ 40. Ke3 Kf7 41. Rb6 Nf6 42. Nf3 Bxf3 43. Kxf3 Nd7 44. Rxb5 Kf6 45. Rb7 Kg5 46. Ke3 Kf6 47. b4 g5 48. Rc7 g4 49. b5 h5 50. b6 1-0

[Event "Solingen 4 - Wattenscheid 2"]
[Site "Solingen"]
[Date "2023.10.22"]
[Round "2.6"]
[White "Sereda, Yaroslava"]
[Black "Schmedders, Hans-Gerd"]
[Result "0-1"]
[WhiteElo "1892"]
[BlackElo "2162"]
[PlyCount "84"]
[EventDate "2023.??.??"]
[SourceVersionDate "2020.03.16"]

1. e4 c6 2. d4 d5 3. e5 c5 4. dxc5 Nc6 5. Bf4 e6 6. c3 Bxc5 7. b4 Bb6 8. Nf3 Nge7 9. Bd3 Ng6 10. Bg3 Bc7 11. Qe2 f6 12. Bxg6+ hxg6 13. O-O Rh5 14. exf6 gxf6 15. Na3 Kf7 16. Rad1 Bd7 17. Qd2 Bxg3 18. fxg3 Qb6+ 19. Kh1 Kg7 20. g4 Rh7 21. g5 f5 22. b5 Ne7 23. c4 Rah8 24. Qb4 Kf7 25. Qd2 Qd6 26. Qe3 Rxh2+ 27. Kg1 Rh1+ 28. Kf2 Rxf1+ 29. Rxf1 b6 30. Ne5+ Ke8 31. Nxd7 Kxd7 32. Rd1 Rh4 33. cxd5 Nxd5 34. Qd3 Ke7 35. g3 Rh2+ 36. Kf3 Rxa2 37. Nc4 Qc5 38. Rf1 Qxb5 39. Rh1 Qc5 40. Rh7+ Kf8 41. Qf1 Qd4 42. Rh4 Qc3+ 0-1

[Event "Solingen 4 - Wattenscheid 2"]
[Site "Solingen"]
[Date "2023.10.22"]
[Round "2.7"]
[White "Klueting, Reiner"]
[Black "Kushchan, Eduard"]
[Result "0-1"]
[WhiteElo "1930"]
[BlackElo "2029"]
[PlyCount "102"]
[EventDate "2023.??.??"]
[SourceVersionDate "2020.03.16"]

1. e4 d6 2. d4 Nf6 3. Nc3 g6 4. Bg5 c6 5. Qd2 Bg7 6. f4 O-O 7. Nf3 Na6 8. Be2 c5 9. Bxa6 cxd4 10. Bxf6 exf6 11. Qxd4 f5 12. e5 bxa6 13. Qxd6 Qxd6 14. exd6 Rb8 15. O-O-O Bb7 16. Rhf1 Rfd8 17. g3 Bf8 18. d7 f6 19. Nd5 Kf7 20. Nc7 Bc6 21. c3 Rb7 22. Nd5 Rbxd7 23. c4 Bxd5 24. Rxd5 Rxd5 25. cxd5 Rxd5 26. Kc2 Bc5 27. Kc3 Bb6 28. b3 h5 29. Kc2 Rc5+ 30. Kb2 Rc6 31. Re1 Kg7 32. Re7+ Kh6 33. Re8 Kg7 34. Re7+ Kf8 35. Re2 Kf7 36. a4 a5 37. Nd2 g5 38. fxg5 fxg5 39. Nc4 Re6 40. Rd2 Kf6 41. Kc3 f4 42. gxf4 gxf4 43. Nxb6 axb6 44. Rd5 Re5 45. Rd6+ Kg5 46. Kd4 Re7 47. Rxb6 f3 48. Rb5+ Kf4 49. Rxh5 Rd7+ 50. Kc5 f2 51. Rh8 Rf7 0-1

[Event "Solingen 4 - Wattenscheid 2"]
[Site "Solingen"]
[Date "2023.10.22"]
[Round "2.8"]
[White "Koshel, Stanislav"]
[Black "Kraus, Tanja"]
[Result "1-0"]
[WhiteElo "1801"]
[BlackElo "1805"]
[PlyCount "53"]
[EventDate "2023.??.??"]
[SourceVersionDate "2020.03.16"]

1. c4 c5 2. Nf3 Nc6 3. e3 g6 4. d4 cxd4 5. exd4 Bg7 6. d5 Ne5 7. Nxe5 Bxe5 8. Be2 Qc7 9. Nd2 e6 10. Nf3 Bg7 11. Nd4 a6 12. dxe6 fxe6 13. h4 Qd6 14. Be3 Qb4+ 15. Qd2 Qxd2+ 16. Kxd2 Ne7 17. h5 g5 18. h6 Bf6 19. Rh5 d6 20. Rb1 Rg8 21. g4 Ng6 22. Nf3 Nf4 23. Bxf4 gxf4 24. g5 Bd8 25. Bd3 Rh8 26. Bxh7 Rxh7 27. g6 1-0

[Event "Hellertal - Bonn Beuel"]
[Site "?"]
[Date "2023.11.12"]
[Round "3.1"]
[White "Haag, Martin"]
[Black "Rahimi, Rahim"]
[Result "1-0"]
[WhiteElo "2223"]
[BlackElo "2069"]
[PlyCount "133"]
[EventDate "2023.??.??"]
[SourceVersionDate "2020.03.16"]

1. c4 e5 2. Nc3 d6 3. g3 Nf6 4. Bg2 Be7 5. e4 c6 6. Nge2 h5 7. h4 a6 8. d3 b5 9. a3 Be6 10. b3 Nbd7 11. Bg5 Ng4 12. Bxe7 Qxe7 13. d4 bxc4 14. d5 cxd5 15. Nxd5 Bxd5 16. Qxd5 O-O 17. Qxc4 Rfc8 18. Qd5 Rab8 19. b4 Ndf6 20. Qd2 Ne8 21. O-O Rc4 22. Rac1 Rbc8 23. Rxc4 Rxc4 24. Rc1 Qa7 25. Qe1 Rxc1 26. Nxc1 Nc7 27. Bf3 Nf6 28. Nb3 Ne6 29. Qd1 Qc7 30. Qd3 g5 31. hxg5 Nxg5 32. Bg2 Ng4 33. Qd2 f6 34. Qc1 Qb6 35. Qd2 Kg7 36. Na5 Qc7 37. Nb3 Kg6 38. Qc1 Qb6 39. Qd2 Qc7 40. Na5 Ne6 41. Nb3 Qb6 42. Bf3 Ng5 43. Bg2 Qc6 44. Qd3 Qc7 45. Qd2 Ne6 46. Bf3 Ng5 47. Bg2 Qa7 48. Qc2 Ne6 49. Qd2 h4 50. Bh3 Kh5 51. Qe2 Qg7 52. a4 hxg3 53. fxg3 Qg5 54. Kg2 f5 55. exf5 Qxf5 56. b5 axb5 57. axb5 Kg5 58. b6 Nd8 59. Nd2 d5 60. Nf3+ Kf6 61. Bxg4 Qxg4 62. Qxe5+ Kf7 63. Qxd5+ Ke7 64. Qc5+ Ke8 65. Qe5+ Kd7 66. Qc7+ Ke8 67. b7 1-0

[Event "Hellertal - Bonn Beuel"]
[Site "?"]
[Date "2023.11.12"]
[Round "3.2"]
[White "Mueller, Sven"]
[Black "Hoppe, Thilo"]
[Result "1/2-1/2"]
[WhiteElo "2132"]
[BlackElo "2105"]
[PlyCount "159"]
[EventDate "2023.??.??"]
[SourceVersionDate "2020.03.16"]

1. e4 e6 2. d4 d5 3. Nc3 Bb4 4. e5 c5 5. a3 Bxc3+ 6. bxc3 Ne7 7. h4 Qc7 8. Nf3 b6 9. h5 h6 10. Bb5+ Bd7 11. Bd3 Ba4 12. Be3 Nbc6 13. Qd2 cxd4 14. cxd4 Na5 15. Qb4 Qc6 16. Nd2 Rc8 17. Rc1 Nc4 18. O-O a5 19. Qb1 Nxa3 20. Qa2 Nc4 21. Ra1 Bb5 22. Rfb1 Ba6 23. Rb3 Nxd2 24. Bxa6 Nxb3 25. Qxb3 O-O 26. Bxc8 Rxc8 27. Rb1 Nf5 28. Qxb6 Nxe3 29. Qxc6 Rxc6 30. fxe3 Rxc2 31. Ra1 Re2 32. Rxa5 Rxe3 33. Ra8+ Kh7 34. Ra7 Re4 35. Rxf7 Rxd4 36. Re7 Re4 37. Rxe6 Kg8 38. Kf2 Kf7 39. Rd6 Rxe5 40. g4 Ke7 41. Ra6 Re6 42. Ra7+ Kf6 43. Rd7 Re5 44. Kf3 Rg5 45. Kf4 Ke6 46. Rd8 Ke7 47. Ra8 Kd6 48. Ra4 Kc5 49. Ke3 Re5+ 50. Kd3 Re7 51. Ra5+ Kd6 52. Ra4 Ke5 53. Ke3 Rb7 54. Ra6 Rd7 55. Rg6 d4+ 56. Kd2 Kf4 57. Kd3 Kg3 58. g5 hxg5 59. Rxg5+ Kh4 60. Re5 Kg4 61. Rc5 Rf7 62. Kxd4 Kf4 63. Kd3 Re7 64. Kd2 Kg4 65. Rd5 Kh4 66. Kd3 Re1 67. Kd2 Rg1 68. Ke3 Rg5 69. Rd4+ Kxh5 70. Kf3 Rg1 71. Kf2 Rg4 72. Rd5+ Kh4 73. Rd3 Ra4 74. Kg2 Ra2+ 75. Kg1 g5 76. Rb3 g4 77. Rc3 g3 78. Rc8 Ra5 79. Kg2 Ra2+ 80. Kg1 1/2-1/2

[Event "Hellertal - Bonn Beuel"]
[Site "?"]
[Date "2023.11.12"]
[Round "3.4"]
[White "Reiffenrath, Christian"]
[Black "Gikas, Andreas Basilius"]
[Result "0-1"]
[WhiteElo "1835"]
[BlackElo "2112"]
[PlyCount "122"]
[EventDate "2023.??.??"]
[SourceVersionDate "2020.03.16"]

1. c4 c6 2. g3 Nf6 3. Bg2 d5 4. cxd5 cxd5 5. Nf3 Nc6 6. d4 Bf5 7. a3 e6 8. Nc3 Be7 9. O-O Nd7 10. Re1 O-O 11. e4 dxe4 12. Nxe4 Bxe4 13. Rxe4 Nf6 14. Re1 Nd5 15. Ne5 Rc8 16. Nxc6 Rxc6 17. Qb3 Rb6 18. Qc4 Qd7 19. Bxd5 exd5 20. Qd3 Bf6 21. b4 Re6 22. Bd2 Rfe8 23. Rxe6 Rxe6 24. Re1 Rxe1+ 25. Bxe1 Qc6 26. Bc3 a6 27. Bb2 g6 28. Kg2 h5 29. h4 Qe6 30. Qe3 Qxe3 31. fxe3 Be7 32. Kf3 f5 33. Bc3 a5 34. Be1 Kf7 35. Ke2 Kf6 36. Kf3 Bd6 37. Ke2 g5 38. hxg5+ Kxg5 39. Kf3 Kf6 40. Kg2 Ke6 41. Kh3 Be7 42. bxa5 Bxa3 43. Kh4 Bc1 44. Bc3 Bxe3 45. Kxh5 f4 46. gxf4 Kf5 47. Kh6 Kxf4 48. Kg6 Ke4 49. Kf7 Bxd4 50. Be1 Bb2 51. Ke6 d4 52. Kd7 Bc3 53. Bxc3 dxc3 54. Kc7 c2 55. Kxb7 c1=Q 56. a6 Qb2+ 57. Ka8 Qh8+ 58. Kb7 Qg7+ 59. Kb6 Qf8 60. Kb7 Qb4+ 61. Ka8 Qc5 0-1

[Event "Hellertal - Bonn Beuel"]
[Site "?"]
[Date "2023.11.12"]
[Round "3.5"]
[White "Rosskothen, Arnd"]
[Black "Petri, Raphael"]
[Result "1-0"]
[WhiteElo "2091"]
[BlackElo "1825"]
[PlyCount "69"]
[EventDate "2023.??.??"]
[SourceVersionDate "2020.03.16"]

1. e4 c5 2. Nf3 a6 3. c4 d6 4. d4 cxd4 5. Nxd4 Nc6 6. Nc3 g6 7. Be2 Bg7 8. Be3 Nf6 9. O-O O-O 10. Rc1 Bd7 11. f3 Rc8 12. Qd2 h5 13. Rfd1 Kh7 14. Bf1 h4 15. Qf2 Rh8 16. Nxc6 Rxc6 17. Qxh4+ Kg8 18. Qf2 Nh5 19. Bd4 Bxd4 20. Qxd4 e5 21. Qf2 Nf4 22. Nd5 Ne6 23. Rc3 Qg5 24. g3 f5 25. exf5 gxf5 26. f4 exf4 27. Nxf4 Nc5 28. Bg2 Qh6 29. Bd5+ Kf8 30. Re1 Rc7 31. h4 Qf6 32. Rce3 Ne4 33. Bxe4 fxe4 34. Rxe4 Bc6 35. Ne6+ 1-0

[Event "Hellertal - Bonn Beuel"]
[Site "?"]
[Date "2023.11.12"]
[Round "3.6"]
[White "Mellmann, Matthias"]
[Black "Goergen, Christian"]
[Result "1/2-1/2"]
[WhiteElo "1788"]
[BlackElo "1842"]
[PlyCount "28"]
[EventDate "2023.??.??"]
[SourceVersionDate "2020.03.16"]

1. e4 c5 2. Nc3 Nc6 3. g3 g6 4. Bg2 Bg7 5. Nh3 d6 6. O-O Rb8 7. d3 b5 8. f4 Nd4 9. Nd5 e6 10. Ne3 Qb6 11. c3 Nc6 12. Kh1 Nf6 13. g4 Bb7 14. Nf2 Ne7 1/2-1/2

[Event "Hellertal - Bonn Beuel"]
[Site "?"]
[Date "2023.11.12"]
[Round "3.7"]
[White "Gaul, Alexander"]
[Black "Herfel, Manfred"]
[Result "1-0"]
[WhiteElo "1937"]
[BlackElo "1779"]
[PlyCount "67"]
[EventDate "2023.??.??"]
[SourceVersionDate "2020.03.16"]

1. d4 d6 2. Nf3 g6 3. g3 Bg7 4. Bg2 Nf6 5. O-O O-O 6. Nc3 Nc6 7. a4 Bd7 8. a5 a6 9. Re1 Re8 10. h3 e5 11. dxe5 dxe5 12. Ng5 h6 13. Nge4 Rb8 14. Bxh6 Nxe4 15. Nxe4 Bxh6 16. Qxd7 Kg7 17. Red1 Qe7 18. Qxe7 Rxe7 19. c3 Nd8 20. Nc5 c6 21. Rd7 Bg5 22. Rad1 Rxd7 23. Nxd7 Rc8 24. Nxe5 Rc7 25. f4 Be7 26. Kf2 Bc5+ 27. e3 Ne6 28. b4 Ba7 29. c4 c5 30. b5 axb5 31. cxb5 b6 32. Nc4 bxa5 33. b6 Bxb6 34. Nxb6 1-0

[Event "Hellertal - Bonn Beuel"]
[Site "?"]
[Date "2023.11.12"]
[Round "3.8"]
[White "Hassler, Rolf"]
[Black "Auschkalnis, Reinhard"]
[Result "1-0"]
[WhiteElo "1701"]
[BlackElo "1593"]
[PlyCount "75"]
[EventDate "2023.??.??"]
[SourceVersionDate "2020.03.16"]

1. e4 c5 2. Nc3 Nc6 3. g3 g6 4. Bg2 Bg7 5. d3 d6 6. Be3 e6 7. Qd2 Rb8 8. a4 a6 9. f4 Nge7 10. Nf3 Nd4 11. g4 f5 12. gxf5 exf5 13. h4 d5 14. exd5 Nxd5 15. Nxd5 Qxd5 16. Nxd4 Qf7 17. Nf3 Bxb2 18. Ne5 Qc7 19. Rd1 O-O 20. c3 Ba3 21. Qa2+ Kg7 22. Qxa3 b6 23. d4 Bb7 24. Qa2 Rbd8 25. d5 Rd6 26. c4 Re8 27. Qb2 Kg8 28. O-O Qe7 29. Qf2 h6 30. h5 gxh5 31. Bf3 h4 32. Kh2 Kh7 33. Rg1 Rg8 34. Rxg8 Kxg8 35. Rg1+ Kh7 36. Qg2 Qf8 37. Bf2 Bc8 38. Bxh4 1-0

[Event "Godesberg 2 -  Halver- Schalksmühle"]
[Site "?"]
[Date "2023.11.12"]
[Round "3.1"]
[White "Browning, Alex"]
[Black "Mantau, Jan"]
[Result "1-0"]
[WhiteElo "2340"]
[BlackElo "2177"]
[PlyCount "55"]
[EventDate "2023.??.??"]
[SourceVersionDate "2020.03.16"]

1. e4 c5 2. Nf3 d6 3. d4 cxd4 4. Nxd4 Nf6 5. Nc3 a6 6. h3 e6 7. g4 Nc6 8. g5 Nd7 9. h4 Qc7 10. Be3 b5 11. a3 Na5 12. f4 Nb6 13. Qf3 Nac4 14. Bc1 Bd7 15. b3 Na5 16. Bb2 Rc8 17. h5 Nc6 18. Nxc6 Qxc6 19. Bd3 Qc5 20. Ne2 Rg8 21. Bd4 Qc7 22. Qf2 Nc4 23. a4 Qa5+ 24. Bc3 b4 25. Bd4 e5 26. Ba7 d5 27. Bxc4 dxc4 28. Bb6 1-0